01277cam a2200373Ia 45000010008000000030009000080050017000170060019000340070015000530080041000680100017001090200019001260200018001450350025001630350017001880400021002050500025002260820028002512450078002792500012003572600036003693000024004054900054004295020006004835330152004896500017006416500018006586550029006767000019007057000020007247100017007448300055007618560087008169442936USPCAS-E20180118181420.0m u cr cn|||||||||100115s2010 njua s 000 0 eng d z 2010000196 z9780470446331  z9780470636879 a(CaPaEBR)ebr10411608 a(NNC)9442936 aCaPaEBRcCaPaEBR14aTK2960b.S652 2010eb04a621.31244222bSOL 201000aSolar cells and their applicationscedited by Lewis Fraas, Larry Partain. a2nd ed. aHoboken, N.J. :bWiley,cc2010. axiv, 627 p. :bill.1 aWiley series in microwave and optical engineering a. aElectronic reproduction.bPalo Alto, Calif. :cebrary,d2011.nAvailable via World Wide Web.nAccess may be limited to ebrary affiliated libraries. 0aSolar cells. 0aSolar energy. 7aElectronic books.2local1 aPartain, L. D.1 aFraas, Lewis M.2 aebrary, Inc. 0aWiley series in microwave and optical engineering.40uhttp://www.columbia.edu/cgi-bin/cul/resolve?clio9442936zClick here for full text.